000 01456cam a22002054a 4500
005 20250605164025.0
008 250528s ||||||||||||||||||||||||d
035 _a16487
020 _a273631039
040 _aGR-AtMCL
_bgre
_dGR-AtMCL
_eAACR2
245 1 _aManagement / Concepts and Practices: Second Edition
250 _a2nd
260 _bFinancial Times - Pitman Publishing,
_c1998
300 _a690
520 _aThis book analyses concepts and practices in all areas of Management in order to provide an understanding of the way organizations are managed, and an appreciation of the most recent developments in management theory and practice. Preface, Acknowledgements, A Management at a Time of Change, The Challenge of Management, Leadership, Focus on the Customer, Marketing, Policy and Planning, Strategic Management, The Implementation of Strategy, Total Quality Management, Management Control, Organizing, Organizational Culture, Organizational Communication, Human Resources Management, Work Motivation: Personal and Situational Influences on Behavior, Controlling, Management Decision Making, Operations Management, Information Systems Management, Financial Management, Management Issues, Business Ethics and Corporate Responsibility, Environmental Issues and Environmental Management, Multinational Management, Management in Perspective, Index.
700 1 _aHannagan Tim
_91049
942 _cBK
999 _c1981
_d1981